[Event "Voronezh-ch op2"]
[Site "Voronezh"]
[Date "2015.04.02"]
[Round "1"]
[White "Zhurikhin, Alexander"]
[Black "Kornilov, Peter"]
[Result "1-0"]
[WhiteElo "2329"]
[BlackElo "2033"]
[PlyCount "73"]
[EventDate "2015.04.02"]
[EventType "swiss"]
[EventRounds "9"]
[EventCountry "RUS"]
[SourceTitle "EXT 2017"]
[Source "ChessBase"]
[SourceDate "2016.10.25"]
[SourceVersion "1"]
[SourceVersionDate "2016.10.25"]
[SourceQuality "1"]

1. e4 c5 2. Nf3 e6 3. g3 d5 4. exd5 exd5 5. d4 Bd6 6. Bg2 Ne7 7. 0-0 Bg4 8. Nc3 a6 9. h3 Bh5 10. dxc5 Bxc5 11. g4 Bg6 12. Ne5 Nbc6 13. Nxg6 hxg6 14. Nxd5 Nxd5 15. Qxd5 Qxd5 16. Bxd5 Rxh3 17. Kg2 Rh4 18. Kg3 Rh7 19. Bf4 Kf8 20. c3 Be7 21. Be4 Re8 22. Rfe1 Nd8 23. Rad1 Ne6 24. Be5 Bh4+ 25. Kg2 Bf6 26. Bd6+ Be7 27. Bg3 Nd8 28. Rd7 Bc5 29. b4 f5 30. gxf5 gxf5 31. Bxf5 Rxe1 32. Rxd8+ Ke7 33. Rd7+ Ke8 34. Rxb7 Rh6 35. bxc5 Re7 36. Rb8+ Kf7 37. Bd6 1-0

[Event "Voronezh School Rating 03"]
[Site "Voronezh"]
[Date "2015.03.14"]
[Round "2.1"]
[White "Klimentov, Evgeny"]
[Black "Zhurikhin, Alexander"]
[Result "1/2-1/2"]
[WhiteElo "2085"]
[BlackElo "2328"]
[PlyCount "64"]
[EventDate "2015.03.13"]
[EventType "swiss"]
[EventRounds "9"]
[EventCountry "RUS"]
[SourceTitle "EXT 2018"]
[Source "ChessBase"]
[SourceDate "2017.10.13"]
[SourceVersion "1"]
[SourceVersionDate "2017.10.13"]
[SourceQuality "1"]

1. e4 e5 2. Nf3 Nc6 3. Bb5 a6 4. Ba4 d6 5. Bxc6+ bxc6 6. d4 f6 7. Nh4 Ne7 8. 0-0 Be6 9. Nc3 g5 10. Nf5 Nxf5 11. exf5 Bxf5 12. Qf3 Qd7 13. dxe5 dxe5 14. Ne4 Bxe4 15. Qxe4 Bd6 16. Qc4 h5 17. Be3 h4 18. h3 Ke7 19. Rad1 Rhb8 20. Bc5 Rxb2 21. Rxd6 cxd6 22. Rd1 Qe6 23. Qc3 dxc5 24. Qxb2 Rd8 25. Rxd8 Kxd8 26. Qb6+ Kd7 27. Qxa6 Qd5 28. Qb7+ Ke6 29. Qh7 Qd1+ 30. Kh2 Qd4 31. Qg8+ Ke7 32. Qg7+ Ke6 1/2-1/2

[Event "Moscow op-A"]
[Site "Moscow"]
[Date "2015.02.07"]
[Round "8"]
[White "Zhurikhin, Alexander"]
[Black "Tillyaev, Ulugbek"]
[Result "1-0"]
[WhiteElo "2314"]
[BlackElo "2404"]
[PlyCount "57"]
[EventDate "2015.01.31"]
[EventType "swiss"]
[EventRounds "9"]
[EventCountry "RUS"]
[SourceTitle "CBM 164 Extra"]
[Source "ChessBase"]
[SourceDate "2015.03.02"]
[SourceVersion "1"]
[SourceVersionDate "2015.03.02"]
[SourceQuality "1"]

1. e4 Nf6 2. e5 Nd5 3. d4 d6 4. c4 Nb6 5. exd6 cxd6 6. Nc3 g6 7. Be3 Bg7 8. Rc1 0-0 9. b3 a5 10. Be2 a4 11. Nf3 Bg4 12. h3 Bxf3 13. Bxf3 Nc6 14. 0-0 axb3 15. axb3 Ra3 16. Nb5 Ra2 17. Re1 h6 18. h4 Rb2 19. h5 g5 20. Ra1 Nb4 21. Bc1 Ra2 22. Rxa2 Nxa2 23. Ba3 Qa8 24. Qd2 e6 25. Qxa2 Rd8 26. Re2 Qb8 27. Bb4 Nc8 28. Qa5 Rd7 29. Ra2 1-0

[Event "Chigorin Memorial 22nd"]
[Site "St Petersburg"]
[Date "2014.10.26"]
[Round "9"]
[White "Zhurikhin, Alexander"]
[Black "Klyuev, Alexander S"]
[Result "0-1"]
[WhiteElo "2347"]
[BlackElo "2181"]
[PlyCount "100"]
[EventDate "2014.10.18"]
[EventType "swiss"]
[EventRounds "9"]
[EventCountry "RUS"]
[SourceTitle "EXT 2015"]
[Source "ChessBase"]
[SourceDate "2014.11.20"]
[SourceVersion "1"]
[SourceVersionDate "2014.11.20"]
[SourceQuality "1"]

1. e4 c5 2. Nf3 e6 3. d3 Nc6 4. g3 d6 5. Bg2 Nf6 6. 0-0 Be7 7. c3 0-0 8. a3 c4 9. dxc4 Nxe4 10. b4 Nf6 11. Qe2 Qc7 12. Rd1 e5 13. Nbd2 Bg4 14. h3 Bh5 15. g4 Bg6 16. Nh4 Nd8 17. Nf1 Ne6 18. Ng3 Rfe8 19. Nxg6 hxg6 20. g5 Nd7 21. Bd5 Bf8 22. Qe4 Rab8 23. Be3 Nb6 24. Bxb6 Qxb6 25. h4 Nf4 26. h5 Nxd5 27. cxd5 gxh5 28. Nxh5 Qd8 29. Qg4 Qc8 30. Qg3 Qf5 31. Kh2 Be7 32. Rg1 g6 33. Nf6+ Bxf6 34. gxf6 Qxf6 35. Kg2 e4 36. Rh1 Re5 37. Rh4 Rg5 38. Rg4 Rxg4 39. Qxg4 Qxc3 40. Rh1 Qe5 41. Qh4 Re8 42. Qh7+ Kf8 43. Qh6+ Ke7 44. Qh4+ Kd7 45. Qg4+ Qf5 46. Qd1 Qg5+ 47. Kf1 e3 48. Qa4+ Kd8 49. fxe3 Qxe3 50. Qa5+ b6 0-1

[Event "Chigorin Memorial 22nd"]
[Site "St Petersburg"]
[Date "2014.10.24"]
[Round "7"]
[White "Zhurikhin, Alexander"]
[Black "Abdusattorova, Bakhora"]
[Result "1-0"]
[WhiteElo "2347"]
[BlackElo "2102"]
[PlyCount "125"]
[EventDate "2014.10.18"]
[EventType "swiss"]
[EventRounds "9"]
[EventCountry "RUS"]
[SourceTitle "EXT 2015"]
[Source "ChessBase"]
[SourceDate "2014.11.20"]
[SourceVersion "1"]
[SourceVersionDate "2014.11.20"]
[SourceQuality "1"]

1. e4 e5 2. Nf3 Nc6 3. Bb5 Nf6 4. 0-0 Nxe4 5. d4 Nd6 6. Bxc6 dxc6 7. dxe5 Nf5 8. Qxd8+ Kxd8 9. Nc3 Ke8 10. h3 h5 11. b3 Be6 12. Rd1 Rd8 13. Rxd8+ Kxd8 14. Bb2 Be7 15. Ne4 h4 16. Re1 Kc8 17. Kf1 b6 18. Ke2 Kb7 19. Rd1 a5 20. Neg5 Rh6 21. Bc1 Rg6 22. Nxe6 Rxe6 23. Bf4 f6 24. Kd3 fxe5 25. Bxe5 Rg6 26. Ne1 Re6 27. Nf3 Rg6 28. g4 hxg3 29. fxg3 Nxg3 30. Rg1 Bd6 31. Rxg3 Rxg3 32. Bxg3 Bxg3 33. Ke4 c5 34. c4 Kc6 35. Kf5 Kd6 36. h4 Ke7 37. h5 Kf7 38. Ng5+ Ke7 39. Ne4 Bh2 40. Nc3 Kf7 41. Nd5 Bd6 42. Ne3 Bh2 43. Nf1 Bd6 44. Nd2 Bg3 45. Nf3 Bd6 46. Ng5+ Ke7 47. Kg6 Be5 48. Nf3 Bc3 49. Nh4 Bd4 50. Ng2 Ba1 51. Ne3 Be5 52. a4 Bd4 53. Nd5+ Kd6 54. Kf7 Be5 55. Ne7 Bf4 56. Nf5+ Ke5 57. Nxg7 c6 58. Ne6 Bh6 59. Ke7 Ke4 60. Kd6 Kd3 61. Kxc6 Kc3 62. Kxb6 Kxb3 63. Kxc5 1-0